000 00673cam a2200229 a 4500
003 BD-DhSAU
005 20231112125237.0
008 861024s 2016 ii a b 001 0 eng
020 _a8170195191
040 _aBD-DhSAU
082 _222
_a616.959
_bSv29
100 _aChhabra, M B
245 1 0 _aParasitic Zoonoses in The New Millennium /
_cM B Chhabra and K M L Pathak
260 _aNew Delhi :
_bToday & Tomorrow's Printers and Publishers
_cc2016
300 _a269 p. :
_bill. ;
_c22cm.
504 _aIncludes bibliographical references
590 _akobir
650 0 _aOceanography
650 0 _aParasitic Zoonoses
700 _aPathak, K M L
942 _2ddc
_cBOOK
999 _c17299
_d17298